000
00286nam a2200097Ia 4500
005
20250424112831.0
008
250424s9999 xx 000 0 und d
300
_a
vii, 92 p. ; 30 cm.
650
_a
Technology--Periodicals. Electrical and Electronic Engineering--Periodicals.
942
_c
SR
999
_c
37398
_d
37398